书目信息 |
| 题名: |
生态学概论
|
|
| 作者: | 尚玉昌 著 | |
| 分册: | ||
| 出版信息: | 北京 北京大学出版社 2003.02 |
|
| 页数: | 341页 | |
| 开本: | 21cm | |
| 丛书名: | 北京大学素质教育通选课教材 | |
| 单 册: | ||
| 中图分类: | Q14 | |
| 科图分类: | ||
| 主题词: | 生态学--高等学校--教材 | |
| 电子资源: | ||
| ISBN: | 7-301-06079-3 | |
| 000 | 00839nam 2200253 450 | |
| 001 | 0100153305 | |
| 005 | 20051109095457.54 | |
| 010 | @a7-301-06079-3@dCNY16.00 | |
| 100 | @a20030317d2003 kmey0chiy0121 ea | |
| 101 | 0 | @achi |
| 102 | @aCN@b110000 | |
| 105 | @aa a 000yy | |
| 200 | 1 | @a生态学概论@ASheng Tai Xue Gai Lun@f尚玉昌著@FShang Yu Chang Zhu |
| 210 | @a北京@c北京大学出版社@d2003.02 | |
| 215 | @a341页@c图@d21cm | |
| 225 | 2 | @a北京大学素质教育通选课教材@e自然科学类 |
| 320 | @a有书目 (第340-341页)。 | |
| 330 | @a本书为北大素质教育通选课,讲述了普通生态学的一般原理与知识,强调与实际的结合性,易于普通读者学习。 | |
| 410 | 0 | @12001 @a北京大学素质教育通选课教材 |
| 606 | 0 | @a生态学@x高等学校@x教材 |
| 690 | @aQ14@v4 | |
| 701 | 0 | @a尚玉昌@AShang Yu Chang@4著 |
| 801 | 0 | @aCN@bQSSK@c20051109 |
| 905 | @a10447@dQ14@eS312 | |
| 生态学概论/尚玉昌著.-北京:北京大学出版社,2003.02 |
| 341页:图;21cm.-(北京大学素质教育通选课教材:自然科学类) |
| ISBN 7-301-06079-3:CNY16.00 |
| 本书为北大素质教育通选课,讲述了普通生态学的一般原理与知识,强调与实际的结合性,易于普通读者学习。 |
| ● |
| 相关链接 |
|
|
|
正题名:生态学概论
索取号:Q14/S312
 
预约/预借
| 序号 | 登录号 | 条形码 | 馆藏地/架位号 | 状态 | 备注 |
| 1 | 577039 | 205770398 | 自科库401/401自科库 25排3列4层/ [索取号:Q14/S312] | 在馆 | |
| 2 | 577040 | 205770405 | 自科库401/401自科库 25排3列4层/ [索取号:Q14/S312] | 在馆 | |
| 3 | 577041 | 205770414 | 自科库401/401自科库 25排3列4层/ [索取号:Q14/S312] | 在馆 |